000 01111nam a2200289 i 4500
001 bg
003 BPK
005 20220603104543.0
008 010120s1999 pl a f f |000 0 pol
015 _aPB 2001/2357
020 _a8388283057
040 _aWA N
_cBPK
041 0 _apol
080 _a711.2(438)"1989/..."
100 1 _aGołden, Marian
_eAutor
245 1 0 _aPlanowanie zagospodarowania przestrzennego w warunkach gospodarki rynkowej /
_cMarian Gołden ; Politechnika Koszalińska.
260 _aKoszalin :
_bWydaw. Uczelniane PK,
_c1999.
300 _a262 s. :
_b1 il., mapy ;
_c25 cm.
504 _aBibliogr.
521 8 _aSkrypt Wydz. Ekonomii i Zarządzania.
650 4 _aPlanowanie przestrzenne
_xpolityka
_zPolska
_yod 1989 r.
655 4 _aPodręczniki akademickie
710 2 _aPolitechnika Koszalińska.
_bWydawnictwo Uczelniane.
_4pbl.
856 _uhttp://koha.tu.koszalin.pl/cgi-bin/koha/opac-detail.pl?biblionumber=36313
_yKatalog online BPK
856 _uhttp://dlibra.tu.koszalin.pl/dlibra/docmetadata?id=517
_yBiblioteka Cyfrowa
942 _2UKD
_cKS
999 _c36313
_d36313